00735nam a2200241 a 4500001001300000003000900013005001700022008004100039020001000080082001300090100002600103245008000129260004800209300000800257500003500265505001000300650001400310700002600324902000800350942000700358952011300365999001500478nice12345678IN_TiNIC20260116012100.0050524s1973 mana grp 000 0 eng  ac10000a234bBAL aBalchand, Asandas S J aSalvific Value of Non-Christian Religions According to Asian Christian Theo aManilabEast Asian Pastoral Institutec1973 a81p aincludes index and biblioraphy2 aIndex aSalvation1 aBalchand, Asandas S J bSRS cBK 001040708StackRoom-aHMIbHMId2007-06-20g100.00l0o234 BALp07024r2007-06-20v100.00w2005-05-24yBK c5567d5567